| Tag |
First Indicator |
Second Indicator |
Subfields |
| LEADER |
00000cam a2200000Ii 4500 |
| 001 |
in00004075608 |
| 005 |
20190425130514.0 |
| 008 |
190425s1990 cauc 000 0 eng d |
| 035 |
|
|
|a (OCoLC)on1099179776
|
| 040 |
|
|
|a TXA
|b eng
|e rda
|c TXA
|
| 035 |
|
|
|a (OCoLC)1099179776
|
| 043 |
|
|
|a n-us---
|
| 090 |
|
|
|a Z987
|b .G65 1990
|
| 049 |
|
|
|a TXAM
|
| 110 |
2 |
|
|a Gleeson Library Associates.
|
| 245 |
1 |
0 |
|a Lecture, Some experiences in book collecting [by] Kenneth E. Hill.
|
| 246 |
1 |
|
|i At head of title:
|a Annual meeting, Gleeson Library Associates, University of San Francisco, Sunday, April 29, 1990
|
| 264 |
|
1 |
|a [San Francisco] :
|b [Gleeson Library Associates],
|c [1990]
|
| 300 |
|
|
|a 1 folded sheet :
|b portrait ;
|c 23 cm
|
| 336 |
|
|
|a text
|b txt
|2 rdacontent
|
| 337 |
|
|
|a unmediated
|b n
|2 rdamedia
|
| 338 |
|
|
|a sheet
|b nb
|2 rdacarrier
|
| 500 |
|
|
|a Cover illustration is a reproduction of a portrait of "Capt. Bligh" from "A voyage to the South Sea", 1792.
|
| 500 |
|
|
|a Presentation of Sir Thomas More Medal for Book Collecting to Kenneth E. Hill.
|
| 580 |
|
|
|a The Cushing Library/Lowman/Book Design copy forms part of the Book Design Section of the Al Lowman Printing Arts Collection and Research Archive.
|
| 650 |
|
0 |
|a Book collecting
|z United States.
|
| 600 |
1 |
0 |
|a Bligh, William,
|d 1754-1817
|v Portraits.
|
| 610 |
2 |
0 |
|a Richard A. Gleeson Library (University of San Francisco)
|x History.
|
| 655 |
|
7 |
|a Programs (Publications)
|2 lcgft
|
| 700 |
1 |
|
|a Hill, Kenneth E.
|
| 773 |
0 |
|
|t Al Lowman Printing Arts Collection and Research Archive.
|
| 994 |
|
|
|a C0
|b TXA
|
| 948 |
|
|
|a cataloged
|b h
|c 2019/4/25
|d o
|e nbehmer
|f 1:03:34 pm
|
| 999 |
f |
f |
|s 68c3f81a-b659-338e-9c3d-be25ef1e838d
|i 61978c12-9b4a-3f1c-ae5f-6ee4176175d6
|t 0
|
| 952 |
f |
f |
|p noncirc
|a Texas A&M University
|b College Station
|c Cushing Memorial Library & Archives
|d Cushing: Lowman (Does not check out)
|t 0
|e Z987 .G65 1990
|f Vertical file
|h Library of Congress classification
|i unmediated -- sheet
|
| 998 |
f |
f |
|a Z987 .G65 1990
|t 0
|l Cushing: Lowman (Does not check out)
|